000 00590cas a22002055a 4500
001 L138030
008 070514d19961999xxkur p 0 a0eng u
035 _a(Sirsi) u138030
041 0 _aeng
110 2 _aRoyal Institution of Chartered Surveyors
_94900
240 _aRICS Insider
245 0 0 _aInsider
260 _aLondon
_bRICS
_c1996-1999
362 0 _aLondon: (1) 9 February 1996-August 1999
362 0 _aEdinburgh: July 1998-October/November 1999
554 _aFortnightly
_b1996-1998
_aMonthly
_b1998-1999
651 4 _aUnited Kingdom
_y
690 _aABOUT RICS
942 _n0
999 _c118930
_d118930